00513 a2200145 4500010001400000020002400014035001300038037001800051082001200069245012100081260004500202270007500247300003000322710001500352 aENG-85255 a8178330288c1275.00 aEN-68788 bD.B.Act / Pub14a668.4931 aSpeciality plastics, foams (Urethane, flexible, rigid) pet and preform processing technology handbookcby NIIR Board aDelhibAsia Pacific Business Presscn.d. a106-E, Kamla NagarbDelhicDelhie110007k23843955, 23845654l23841561 axiv, 654 p.c22 cm. (Pbk) aNIIR Board